000 00466nam a2200181Ia 4500
005 20250326124418.0
008 250326s9999 xx 000 0 und d
037 _aTextbook
040 _aFMSL
_beng
_cFMSL
041 _aeng
_2eng
084 _aX:8 K3
_qFMSL
100 _aStewart R
245 0 _aReality of management
_cStewart R
260 _aLondon
_bLondon, Heinemann
_c1963
300 _a200p
942 _cTB
_hX:8 K3
999 _c1273611
_d1273611